| 000 | 02105nam0a2200493 4500 | ||
|---|---|---|---|
| 001 | rc\2778931 | ||
| 005 | 20250810050319.0 | ||
| 035 | _a(NLR Aleph) 006905182 | ||
| 090 |
_a7289134 _c7289134 |
||
| 100 | _a20110915d1942 u y0rusy50 ca | ||
| 101 | 0 | _arus | |
| 102 | _aRU | ||
| 105 | _ay z 000zy | ||
| 135 | _acrcn 024anaba | ||
| 200 | 1 |
_aЗенитчики-гвардейцы _fА. Власов |
|
| 210 |
_aЛенинград _cОГИЗ _cГосполитиздат _d1942 |
||
| 215 |
_a18, [2] с. _d19,4х13,4х0,8 |
||
| 225 | 1 | _aГерои Отечественной войны Советского народа | |
| 325 | _aКопия доступна в Электрон. б-ке РНБ | ||
| 606 | 1 |
_aВеликая Отечественная война _xЗенитная артиллерия _z1941 - 1945 _92275671 _3RU\NLR\AUTH\661363742 |
|
| 686 | 1 | _aЦ35(2)722-54 | |
| 700 | 1 |
_7ca _8rus _aВласов _bА. _cочеркист _9227417 _3RU\NLR\AUTH\770227473 |
|
| 801 | 0 |
_aRU _bNLR _gpsbo |
|
| 801 | 1 |
_aRU _bELAR _2rusmarc |
|
| 852 |
_aNLR _jII Л3-259/1-17 |
||
| 852 |
_aNLR _jИр50 Г-4/241 |
||
| 856 | 0 | _uhttps://vivaldi.nlr.ru/bx000025483/view | |
| 856 | 1 | _uhttps://vivaldi.nlr.ru/bx000025483/cover | |
| 856 | 2 | _uhttps://vivaldi.nlr.ru/bx000025483/text | |
| 942 | _cBOOK | ||
| 945 | _aРоссийская национальная библиотека | ||
| 980 | _aNB | ||
| 980 | _aBV | ||
| 980 | 3 | _akplen | |
| 980 | 3 | _akp2021 | |
| 980 | 3 | _akp | |
| 981 | 3 | 7 |
_a(37) Ленинград в Великой Отечественной войне _b(37) Книги блокадного Ленинграда |
| 981 | 2 | 0 |
_a(20) Книжные памятники РНБ _b(20) Русский книжный фонд |